Statistiche per Classifica Pallone d'Oro FIFA 2010

Clicka qui per fare il quiz!

Statistiche generali

  • Questo quiz è stato fatto 46 volte
  • Il punteggio medio è 17 su 23

Statistiche sulle risposte

VotiNazioneSquadraCalciatore% Corretto
22,65 %ArgentinaBarcellonaLionel Messi
100%
3,92 %PortogalloReal MadridCristiano Ronaldo
98%
17,36 %SpagnaBarcellonaAndrès Iniesta
95%
7,61 %UruguayAtletico MadridDiego Forlán
90%
16,48 %SpagnaBarcellonaXavi
90%
1,68 %Costa d'AvorioChelseaDidier Drogba
88%
1,37 %CamerunInterSamuel Eto' o
86%
2,25 %SpagnaValencia / BarcellonaDavid Villa
83%
2,90 %SpagnaReal MadridIker Casillas
83%
0,91 %GermaniaBayern MonacoThomas Müller
81%
14,48 %Paesi BassiInterWesley Sneijder
81%
1,16 %Paesi BassiBayern MonacoArjen Robben
79%
1,43 %SpagnaBarcellonaCarles Puyol
79%
0,57 %BrasileInterMaicon
76%
0,22 %BrasileInterJúlio César
71%
1,52 %SpagnaReal MadridXabi Alonso
71%
0,22 %SpagnaArsenalCesc Fàbregas
69%
0,05 %BrasileBarcellonaDaniel Alves
64%
1,21 %GermaniaWerder Brema / Real MadridMesut Özil
60%
0,05 %GermaniaBayern MonacoPhilipp Lahm
60%
0,75 %GermaniaBayern MonacoBastian Schweinsteiger
55%
0,19 %GermaniaBayern MonacoMiroslav Klose
38%
0,46 %GhanaRennes / SunderlandAsamoah Gyan
29%

Distribuzione punteggi

Percentile per numero di risposta

Percentuale di utenti per punteggio

I tuoi punteggi nel tempo

Non hai fatto questo quiz